000 00643nam a2200217Ia 4500
005 20241129111315.0
008 241129s9999||||xx |||||||||||||| ||und||
020 _a978-1-78330-427-1
037 _aTB
040 _aCRL
_beng
_cCRL
041 _aeng
_2eng
084 _aR44 Q9
_qCRL
100 _aBurgess John T.F. Ed.; Knox Emily J. M. Ed.
_9724035
245 0 _aFoundations of information ethics
_cBurgess John T.F. Ed.; Knox Emily J. M. Ed.
260 _aLondon, UK
_bFacet Publishing
_c2019
300 _ax,156p.
365 _aUKP
_b54.95
650 _aEthics Philosophy
942 _cTB
_hR44 Q9
999 _c1229852
_d1229852